000 00623nam a2200205Ia 4500
008 191130s2009##################000#0#eng##
020 _a9780415494601
022 _a2008045331
040 _aACL
_cACL
082 _a895.1146 YIM
100 _aYan, Zhixiong
245 _aThe poet-historian Qian Qianyi
_cLawrence C.H. Yim
260 _aNew York
_bRoutledge
_c2009
300 _a222 p. : ill. ; 25 cm
500 _aIncludes bibliographical references and index
650 _aQian, Qianyi, 1582-1664 - Criticism and interpretation
990 _a4326f115ac10000c5e56d22c908a613f
991 _a160415
999 _c64171
_d64171